Southville International School and Colleges
Your cart is empty.
  • Cart
  • Lists
    Public lists list_1 View all
    Your lists Log in to create your own lists
  • Log in to your account
  • Your cookies
  • Search history
Southville International School and Colleges
  • Advanced search
  • Recent comments
  • Most popular
  • Libraries

Log in to your account

Log in with GOOGLE


If you do not have an external account, but do have a local account, you can still log in:

  1. Home
  2. MARC view: Compulsive sexual behavior and self-blame as correlates to symptoms of Alexithymia of sexual abuse victims
Normal view MARC view ISBD view

Compulsive sexual behavior and self-blame as correlates to symptoms of Alexithymia of sexual abuse victims (Record no. 366939)

[ view plain ]
MARC details
000 -LEADER
fixed length control field 00865nam a22002177a 4500
003 - CONTROL NUMBER IDENTIFIER
control field 0
005 - DATE AND TIME OF LATEST TRANSACTION
control field 20250109092443.0
008 - FIXED-LENGTH DATA ELEMENTS--GENERAL INFORMATION
fixed length control field 250108b xxu||||| |||| 00| 0 eng d
050 ## - LIBRARY OF CONGRESS CALL NUMBER
Classification number RC 560
Item number .U9 2024
100 ## - MAIN ENTRY--PERSONAL NAME
Personal name Uy, Airand J.
245 ## - TITLE STATEMENT
Title Compulsive sexual behavior and self-blame as correlates to symptoms of Alexithymia of sexual abuse victims
Statement of responsibility, etc Ainrand J. Uy
260 ## - PUBLICATION, DISTRIBUTION, ETC. (IMPRINT)
Place of publication, distribution, etc Las Piñas City
Name of publisher, distributor, etc Southville International School and Colleges
Date of publication, distribution, etc 2024
300 ## - PHYSICAL DESCRIPTION
Extent x, 429 pages ;
Dimensions 29cm.
504 ## - BIBLIOGRAPHY, ETC. NOTE
Bibliography, etc Includes bibliographical references and index. <br/>
650 ## - SUBJECT ADDED ENTRY--TOPICAL TERM
Topical term or geographic name as entry element Sexual abuse victims—Psychology.
650 ## - SUBJECT ADDED ENTRY--TOPICAL TERM
Topical term or geographic name as entry element Compulsive sexual behavior—Psychological aspects.
650 ## - SUBJECT ADDED ENTRY--TOPICAL TERM
Topical term or geographic name as entry element Self-blame—Psychological aspects.
650 ## - SUBJECT ADDED ENTRY--TOPICAL TERM
Topical term or geographic name as entry element Alexithymia—Psychological aspects.
650 ## - SUBJECT ADDED ENTRY--TOPICAL TERM
Topical term or geographic name as entry element Post-traumatic stress disorder—Psychological aspects.
942 ## - ADDED ENTRY ELEMENTS (KOHA)
Source of classification or shelving scheme Library of Congress Classification
Koha item type Theses
Holdings
Withdrawn status Lost status Source of classification or shelving scheme Damaged status Home library Current library Shelving location Date acquired Source of acquisition Total Checkouts Full call number Barcode Date last seen Price effective from Koha item type
    Library of Congress Classification   College Library College Library Theses Section 01/08/2025 Donation   RC 560 .U9 2024 T1242 01/08/2025 01/08/2025 Theses

Compulsive sexual behavior and self-blame as correlates to symptoms of Alexithymia of sexual abuse victims

APA

Uy A. J., . (2024). Compulsive sexual behavior and self-blame as correlates to symptoms of Alexithymia of sexual abuse victims. Las Piñas City: Southville International School and Colleges.

Chicago

Uy Airand J, . 2024. Compulsive sexual behavior and self-blame as correlates to symptoms of Alexithymia of sexual abuse victims. Las Piñas City: Southville International School and Colleges.

Harvard

Uy A. J., . (2024). Compulsive sexual behavior and self-blame as correlates to symptoms of Alexithymia of sexual abuse victims. Las Piñas City: Southville International School and Colleges.

MLA

Uy Airand J, . Compulsive sexual behavior and self-blame as correlates to symptoms of Alexithymia of sexual abuse victims. Las Piñas City: Southville International School and Colleges. 2024.

  • Print
  • Cite
  • Add to your cart (remove)
  • Save record
    BIBTEX Dublin Core MARCXML MARC (non-Unicode/MARC-8) MARC (Unicode/UTF-8) MARC (Unicode/UTF-8, Standard) MODS (XML) RIS
  • More searches
    Search for this title in:
    Other Libraries (WorldCat) Other Databases (Google Scholar) Online Stores (Bookfinder.com) Open Library (openlibrary.org)

Exporting to Dublin Core...

SOUTHVILLE LIBRARY

Southville International School and Colleges Library

1281 Tropical Ave. Cor. Luxembourg St., BF Homes International, Las Pinas City

Tel. No. 8256374 / 252358 Loc. 117/146

Powered by Koha